000 00861nam a22002057a 4500
999 _c2241
_d2241
003 AR-CdUCM
008 190304b ||||| |||| 00| 0 spa d
040 _aMUNICIPALIDAD PROVINCIAL DEL CUSCO
_cBIBLIOTECA MUNICIPAL DEL CUSCO
082 _a913.8521 /
_bAG32
100 _aAgurto Calvo, Santiago
_98066
245 _aLima prehispánica /
260 _aLima :
_bPerugraph editores,
_c1984.
300 _a177 páginas ;
_bIlustraciones, imágenes, mapas
_c27.5 cm.
505 _aContenido: Medio físico, clima y recursos naturales -- Talleres líticos, campamentos y aldeas tempranas -- Pueblos, fortificaciones, templos y centros ceremoniales -- Tambos, palacios, huacas, centros administrativos y ciudades.
650 _aPrimeros sedentarios
_98067
650 _aComplejo de Chavín
_98068
650 _aLos Wari
_98069
942 _2ddc
_cLIBROS
945 _aafb